000 00375nam a2200133Ia 4500
001 138634
003 230805
005 20201025200406.0
008 ||||||n9999 ||| || ||
100 _aMoreno Bautista , Otoniel
_9169629
245 0 _aManual de ética para la administración central de la alcaldía municipal de Floridablanca
562 _e1
942 _cTESIS
999 _c138634
_d138634